000 02461nam0a2200409 4500
001 RU\NLR\bibl\1815465
005 20260409072153.0
010 _a978-5-94201-617-3
_9300
021 _aRU
_b2011-66514
_94684
035 _a(nilc)RSL-KNO-004997287
035 _a(NLR Aleph) 001806053
090 _a1810022
_c1810022
100 _a20110830d2011 |||y0rusy50 ca
101 0 _arus
102 _aRU
105 _aa |||||||||
200 1 _aУ истоков российской государственности
_eроль женщин в истории династии Романовых
_eIII Международная научно-практическая конференция : исследования, материалы
_f[редкол.: А.В. Земскова (отв. ред.)]
210 _aСанкт-Петербург
_cЮридический центр Пресс
_d2011
215 _a413 с., [9] л. ил., цв. ил., портр.
_cил.
_d21
225 1 _aКалужские страницы
300 _aВ надзаг.: Ассоц. Юрид. Центр, Правительство Калуж. обл., Администрация муницип. р-на Кулуж. обл. "Мещов. р-н" [и др.]
320 _aБиблиогр. в конце ст. и в подстроч. прим.
602 _aРомановы
_cдинастия
_f1613 - 1917
_jСъезды, совещания и т.п.
_3RU\NLR\auth\66963051
_91521176
607 _aКалужская область
_jСъезды, совещания и т.п.
_xИстория
_92099628
_3RU\NLR\auth\661270001
686 _aТ3(2)0-8Романовы.я431(0)
_2rubbk
686 _aТ3(2Р-4Калж)я431
686 _aТ214(2)0-1я431
702 1 _4340
_8rus
_7ca
_aЗемскова
_bА. В.
_f1961-
_gАлександра Владимировна
_3RU\NLR\auth\7756294
_939226
711 1 2 _a"У истоков российской государственности", международная научно-практическая конференция
_d3
_f2010
_eКалуга/Мещовск
_3RU\NLR\AUTH\8810194508
_9278496
722 _4570
_8rus
_aРомановы (династия)
_f1613-1917
_7ca
_3RU\NLR\AUTH\775442
_9115406
801 0 _aRU
_bRuMoRKP
_c20110830
_grcr
801 1 _aRU
_bRuMoRGB
_c20110830
801 2 _aRU
_bNLR
_c20111003
_grcr
942 _cBOOK
980 _aNB
980 _aNBR